Diccionario de términos asociados en teoría literaria

Gespeichert in:
Bibliographische Detailangaben
1. Verfasser: Amoretti H., María
Format: Buch
Sprache:Undetermined
Veröffentlicht: San José, Costa Rica Editorial de la Universidad de Costa Rica 1992
Schlagworte:
Tags: Tag hinzufügen
Keine Tags, Fügen Sie den ersten Tag hinzu!

MARC

LEADER 00000nam a2200000Ia 4500
008 170316s9999 xx 000 0 und d
020 |a 9977-67-199-0 
040 |a cru BVZT 
090 |a R-413 A-1d FILOL 
100 |a Amoretti H., María 
245 |a Diccionario de términos asociados en teoría literaria 
260 |a San José, Costa Rica 
260 |b Editorial de la Universidad de Costa Rica 
260 |c 1992 
300 |a 124 páginas 
630 |l Español 
650 0 |a REFERENCIA  |9 27 
650 0 |a DICCIONARIO  |9 28 
650 0 |a FILOLOGÍA  |9 186 
650 0 |a TEORÍA LITERARIA  |9 178 
942 |c REF  |2 z 
999 |c 14645  |d 14645